000 00487nam a2200181Ia 4500
001 18017
005 20260306171559.0
008 260306s9999||||xx |||||||||||||| ||und||
041 _aESP
082 _a658.3125
_bP17
100 _aPain, Abraham
_eAUT
245 0 _aCómo evaluar las acciones de capacitación:
_bGuía práctica para la reflexión y la acción
260 _c2010
300 _a171 páginas :
_c22 cm.
650 _aGEN
654 _aCAN
942 _cLIB
_dJUS
_fJUS
_2ddc
_n
999 _c18017
_d18017